Pokémon - Conseil 4 - Aaron (D/P/Pt) - Statistiques

Statistiques générales
  • Ce quiz a été pris 39 fois
  • Le résultat moyen est 73 sur 98
Statistiques - réponses
Hint Réponse % Correct
Drascore
100%
Drascore
100%
Apireine
96%
Apireine
96%
Charmillon
96%
Scarhino
96%
Scarhino
96%
Type Insecte
91%
Type Insecte
91%
Type Insecte
91%
Type Insecte
91%
Type Insecte
91%
Type Insecte
91%
Type Insecte
91%
Type Insecte
91%
Type Insecte
91%
Type Poison
91%
Type Poison
91%
Type Poison
91%
Type Ténèbres
91%
Type Ténèbres
91%
Type Vol
91%
Type Vol
91%
Type Vol
91%
Type Vol
91%
Niv 53
87%
Niv 53
87%
Niv 53
87%
Niv 54
87%
Niv 54
87%
Niv 57
87%
Type Acier
87%
Type Combat
87%
Type Combat
87%
Papinox
87%
Niv 49
83%
Niv 49
83%
Niv 50
83%
Niv 51
83%
Niv (Revanche) 65
83%
Niv (Revanche) 65
83%
Niv (Revanche) 66
83%
Niv (Revanche) 67
83%
Niv (Revanche) 69
83%
Cizayox
83%
Capacités Close Combat
83%
Capacités Close Combat
83%
Capacités Appel Attak
78%
Capacités Appel Attak
78%
Capacités Appel Défens
78%
Capacités Appel Défens
78%
Capacités Mégacorne
78%
Capacités Plaie-Croix
78%
Capacités Plaie-Croix
78%
Capacités Plaie-Croix
78%
Capacités Bourdon
74%
Capacités Bourdon
74%
Capacités Bourdon
74%
Capacités Poison-Croix
74%
Capacités Poison-Croix
74%
Yanmega
74%
Capacités Aéropique
70%
Capacités Aéropique
70%
Capacités Appel Soins
70%
Capacités Appel Soins
70%
Capacités Ball'Ombre
70%
Capacités Lame d'Air
70%
Capacités Lame de Roc
70%
Capacités Lame de Roc
70%
Capacités Psyko
70%
Capacités Toxik
70%
Objet Baie Sitrus
65%
Objet Baie Sitrus
65%
Capacités Crocs Givre
65%
Capacités Crocs Givre
65%
Capacités Séisme
65%
Capacités Rayon Gemme
61%
Capacités Rayon Gemme
61%
Capacités Tranche-Nuit
61%
Capacités Tranche-Nuit
61%
Capacités Tranche-Nuit
61%
Capacités Éco-Sphère
57%
Talent Essaim
57%
Talent Essaim
57%
Talent Essaim
57%
Talent Essaim
57%
Talent Pression
57%
Talent Pression
57%
Capacités Tête de Fer
57%
Talent Turbo
57%
Capacités Demi-Tour
39%
Capacités Mur Lumière
35%
Capacités Reflet
35%
Capacités Reflet
35%
Talent Écran Poudre
26%
Capacités Vive-Attaque
26%
Talent Armurbaston
22%
Talent Armurbaston
22%
Aucun quiz correspondant
Distribution des résultats
% des personnes avec chaque résultat
Percentile par nombre de réponses
Votre historique - résultats
Vous n’avez pas pris ce quiz